Optimal design of experiments: a case study approach (Record no. 52718)

MARC details
000 -LEADER
fixed length control field 00805nam a2200193 a 4500
008 - FIXED-LENGTH DATA ELEMENTS--GENERAL INFORMATION
fixed length control field 160425s2011 ||||||||||||||||| || u
020 ## - INTERNATIONAL STANDARD BOOK NUMBER
International Standard Book Number 9780470744611
050 ## - LIBRARY OF CONGRESS CALL NUMBER
Classification number T 57.5 Goo
100 ## - MAIN ENTRY--PERSONAL NAME
Personal name Goos, Peter
245 10 - TITLE STATEMENT
Title Optimal design of experiments: a case study approach
Statement of responsibility, etc. By Peter Goos [and] Bradley Jones
260 ## - PUBLICATION, DISTRIBUTION, ETC.
Place of publication, distribution, etc. West Sussex
Name of publisher, distributor, etc. John Wiley and Sons
Date of publication, distribution, etc. 2011
300 ## - PHYSICAL DESCRIPTION
Extent xiv, 287p.
350 ## - PRICE (NR) (BK AM CF MU VM SE) [OBSOLETE]
Price 97.95
650 ## - SUBJECT ADDED ENTRY--TOPICAL TERM
Topical term or geographic name entry element INDUSTRIAL ENGINEERING -- CASE STUDIES
650 ## - SUBJECT ADDED ENTRY--TOPICAL TERM
Topical term or geographic name entry element SCIENCE/EXPERIMENTS & PROJECTS
650 ## - SUBJECT ADDED ENTRY--TOPICAL TERM
Topical term or geographic name entry element INDUSTRIAL ENGINEERING -- EXPERIMENTS -- COMPUTER-AIDED DESIGN
650 ## - SUBJECT ADDED ENTRY--TOPICAL TERM
Topical term or geographic name entry element EXPERIMENTAL DESIGN -- DATA PROCESSING
995 ## - RECOMMENDATION 995 [LOCAL, UNIMARC FRANCE]
-- CBU-MAIN LIBRARY (Kitwe)
-- 97.95
-- 1
-- AVAILABLE
-- May 5, 2016
-- Main Library Open Access Collection
Holdings
Withdrawn status Lost status Source of classification or shelving scheme Damaged status Not for loan Home library Current library Shelving location Date acquired Total Checkouts Full call number Barcode Date last seen Price effective from Koha item type
          CBU-MAIN LIBRARY, KITWE. CBU-MAIN LIBRARY, KITWE.   11/30/2022   T 57.5 Goo 746150 11/30/2022 11/30/2022 MONOGRAPH